El capital : crítica de la economía política (Record no. 10492)
[ view plain ]
| 000 -CABECERA | |
|---|---|
| campo de control de longitud fija | 00843cam a22002412a 4500 |
| 001 - NÚMERO DE CONTROL | |
| campo de control | 004670 |
| 003 - IDENTIFICADOR DEL NÚMERO DE CONTROL | |
| campo de control | AR-FADEU |
| 008 - DATOS DE LONGITUD FIJA--INFORMACIÓN GENERAL | |
| campo de control de longitud fija | 311216n1959####xxu####################dd |
| 020 ## - NÚMERO INTERNACIONAL ESTÁNDAR DEL LIBRO | |
| Número Internacional Estándar del Libro | 968-16-0025-8 |
| 092 ## - ASIGNACIÓN LOCAL DE SIGNATURA TOPOGRÁFICA DEWEY (OCLC) | |
| Número de clasificación | 335.41 |
| Número de documento/Ítem | M392-2 |
| 100 ## - ENTRADA PRINCIPAL--NOMBRE DE PERSONA | |
| Nombre de persona | Marx, Karl |
| 245 ## - MENCIÓN DE TÍTULO | |
| Título | El capital : crítica de la economía política |
| 250 ## - MENCIÓN DE EDICIÓN | |
| Mención de edición | 2a. ed |
| 260 ## - PUBLICACIÓN, DISTRIBUCIÓN, ETC. (PIE DE IMPRENTA) | |
| Lugar de publicación, distribución, etc. | México |
| 260 ## - PUBLICACIÓN, DISTRIBUCIÓN, ETC. (PIE DE IMPRENTA) | |
| Nombre del editor, distribuidor, etc. | Fondo de Cultura Económica |
| 260 ## - PUBLICACIÓN, DISTRIBUCIÓN, ETC. (PIE DE IMPRENTA) | |
| Fecha de publicación, distribución, etc. | 1959 |
| 300 ## - DESCRIPCIÓN FÍSICA | |
| Extensión | 3 v |
| 440 ## - MENCIÓN DE SERIE/PUNTO DE ACCESO ADICIONAL--TÍTULO | |
| Título | Sección de obras de economía |
| 500 ## - NOTA GENERAL | |
| Nota general | Tomo 1. El proceso de producción del capital. -- Tomo 2. El proceso de circulación del capital. -- Tomo 3. El proceso de la producción capitalista, en su conjunto |
| 650 ## - PUNTO DE ACCESO ADICIONAL DE MATERIA--TÉRMINO DE MATERIA | |
| Término de materia o nombre geográfico como elemento inicial | TEORIA ECONOMICA MARXISTA; PRODUCCION DEL CAPITAL; CIRCULACION DEL CAPITAL; PRODUCCION CAPITALISTA |
| 700 ## - PUNTO DE ACCESO ADICIONAL--NOMBRE DE PERSONA | |
| Nombre de persona | Wenceslao, Roces, tr. |
| 942 ## - ELEMENTOS DE PUNTO DE ACCESO ADICIONAL (KOHA) | |
| Tipo de ítem Koha | BDGR |
| Estado de retiro | Estado de pérdida | Estado dañado | No para préstamo | Localización permanente | Ubicación/localización actual | Fecha de adquisición | Número de inventario | Total de préstamos | Signatura topográfica completa | Código de barras | Fecha visto por última vez | Fecha del último préstamo | Precio válido a partir de | Tipo de ítem Koha |
|---|---|---|---|---|---|---|---|---|---|---|---|---|---|---|
| Biblioteca Ernesto Sabato - FADECS - UNCOMA | Biblioteca Ernesto Sabato - FADECS - UNCOMA | 21/02/2017 | 12434 | 5 | 335.41 M392-2 | 12434 | 03/05/2022 | 25/04/2022 | 21/02/2017 | BDGR | ||||
| Biblioteca Ernesto Sabato - FADECS - UNCOMA | Biblioteca Ernesto Sabato - FADECS - UNCOMA | 21/02/2017 | 12435 | 335.41 M392-2 | 12435 | 21/02/2017 | 21/02/2017 | BDGR | ||||||
| Biblioteca Ernesto Sabato - FADECS - UNCOMA | Biblioteca Ernesto Sabato - FADECS - UNCOMA | 21/02/2017 | 12436 | 1 | 335.41 M392-2 | 12436 | 09/11/2021 | 09/11/2021 | 21/02/2017 | BDGR | ||||
| Biblioteca Ernesto Sabato - FADECS - UNCOMA | Biblioteca Ernesto Sabato - FADECS - UNCOMA | 21/02/2017 | 6818 | 335.41 M392-2 | 6818 | 21/02/2017 | 21/02/2017 | BDGR | ||||||
| Biblioteca Ernesto Sabato - FADECS - UNCOMA | Biblioteca Ernesto Sabato - FADECS - UNCOMA | 21/02/2017 | 6819 | 335.41 M392-2 | 6819 | 21/02/2017 | 21/02/2017 | BDGR |